000 00725cam a2200241 4500500
005 20260405000842.0
041 _afre
042 _adc
100 1 0 _aLegros, Martin
_eauthor
245 0 0 _aMarc Groenen : “ J’en appelle à un réexamen de notre humanité”
260 _c2009.
500 _a85
690 _aAnthropologie
690 _aArchéologie
690 _aBipédie
690 _aGrands Singes
690 _aHumanité
690 _aOrigines
690 _aPréhistoire
690 _aRévolution
786 0 _nPhilosophie magazine | 35 | 12 | 2009-12-01 | p. 19-20 | 1951-1787
856 4 1 _uhttps://shs.cairn.info/magazine-philosophie-magazine-2009-12-page-19?lang=fr&redirect-ssocas=7080
999 _c2041449
_d2041449